Fihrist al-makhṭūṭāt : nashratun bi-al-makhṭūṭāt allatī iqtanatʹhā al-Dār min sanat 1936-1955
محفوظ في:
المؤلف الرئيسي:
التنسيق: كتاب
اللغة: Undetermined
منشور في:
Cairo
Maṭbaʻat Dār al-Kutub,
1961-1963
الوسوم: إضافة وسم
لا توجد وسوم, كن أول من يضع وسما على هذه التسجيلة!
رقم الطلب: B30 DAR
| LEADER | 00422nam a2200121Ia 4500 | ||
|---|---|---|---|
| 008 | 240404s9999||||xx |||||||||||||| ||und|| | ||
| 050 | 4 | |a B30 DAR | |
| 100 | 1 | |a Fuʼād. Sayyid. | |
| 245 | 1 | 0 | |a Fihrist al-makhṭūṭāt : nashratun bi-al-makhṭūṭāt allatī iqtanatʹhā al-Dār min sanat 1936-1955 |c Fuʼād. Sayyid |
| 264 | 1 | |a Cairo |b Maṭbaʻat Dār al-Kutub, |c 1961-1963 | |
| 300 | |a volumes |c 28 | ||
| 942 | |2 lcc |c BK | ||
| 999 | |c 57999 |d 57999 | ||
